000 00625nam a2200229Ia 4500
003 OSt
005 20220928135407.0
006 a|||||r|||| 00| 0
007 ta
008 220927b |||||||| |||| 00| 0 eng d
024 _a1802
037 _cTextual
040 _aSDCL
_cSDCL
_beng
041 _2eng
_aeng
082 _aO-:gxM, K6
100 _aLogan James V Ed.
_9490316
245 0 _aSome British romantics
_b A collection of essays
260 _c1966
700 _a Jordan John E Ed.
_9490317
942 _hO-:gxM, K6
_cTEXL
_2CC
999 _c805614
_d805614